000 00182 a2200097 4500
020 _a9781662522222
041 _aeng
100 _aMayne, Andrew
245 _aDeath stake
942 _cBK
999 _c31910
_d31908